000 02592cam a2200709 4500
001 21553
003 VRT
005 20260305082837.0
008 200612s2019 xo a brf 001 0 slo
015 _aSNBA2019/08
020 _a9788056703472
_q(viazané)
035 _aurn:nbn:sk:snk-am00dl43
035 _aurn:nbn:sk:snk-am3i5tb
035 _a6CDDC887-7A28-47D2-92DD-A25E038C1491
039 9 _a202006121035
_bVLOAD
_c202004020853
_dVLOAD
_c201908021110
_dmsnk161
_c201908021108
_dmsnk161
040 _aTTKJF
_bslo
_cTTKJF
_dSNK
_erda
041 1 _aslo
_heng
044 _axo
_cSK
072 7 _a79
_xRekreácia. Voľný čas. Zábavy. Hry. Šport
_2konspekt
072 7 _a821-93
_xLiteratúra pre deti a mládež (beletria)
_2konspekt
080 _a379.8
_22011
080 _a796.1
_22011
080 _a796.54
_22011
080 _a(035)
_22011
080 _a(0.05)
_22011
100 1 _aHawickhorst, Karin
_4aut
240 1 0 _aGo Wild in the Woods
_lSlovensky
245 1 0 _aHor sa do divočiny!
_pV lese
_cGoldie Hawk a Rachael Saunders ; preklad Andrea Cingelová
246 3 0 _aV lese
246 1 _iSéria:
_aHor sa do divočiny!
246 1 _iObálkový podnázov:
_aSprievodca prírodou
250 _aPrvé slovenské vydanie
264 1 _aBratislava
_bSvojtka & Co. vydavateľstvo
_c2019
300 _a96 strán
_bilustrácie
_c20 cm
336 _atext
_btxt
_2rdacontent
336 _astatický obraz
_bsti
_2rdacontent
337 _abez média
_bn
_2rdamedia
338 _azväzok
_bnc
_2rdacarrier
500 _aPreložené z angličtiny
500 _aObsahuje slovníček na strane 94-95
500 _aÚdaje o sérii prevzané z externého zdroja
504 _aObsahuje register na strane 96
650 0 7 _avoľný čas
_2SNKPH
650 0 7 _aLeisure
_2SNKPHeng
650 0 7 _aOutdoor games
_2SNKPHeng
650 0 7 _ahry v prírode
_2SNKPH
650 0 7 _aCamping
_2SNKPHeng
650 0 7 _atáborenie
_2SNKPH
655 7 _apríručky
_2SNKPH
655 7 _apublikácie pre deti
_2SNKPH
655 7 _aHandbooks, manuals, etc.
_2SNKPHeng
655 7 _aPublications for children
_2SNKPHeng
700 1 _aSaunders, Rachael
_4ill
700 1 _aCingelová, Andrea
_4trl
942 _2ddc
_cKLDE
_n0
949 _617A1165286
_asnkSD 88236
_bsnk2019/14749
_o987/2019
_s6100:20190807
949 _617A1165287
_asnkSD 88236 D1
_bsnk2019/14750
_o987/2019
949 _6273K0643631
_asvkpoA 242536
_bsvkpo637245
949 _62889343635
_asavukPV 28017
_bsavuk2019/1687
949 _6270001000602387
_asvkbbA 157434
_bsvkbbm 783410
949 _6273K0641363
_asvkpoA 241023
_bsvkpo633028
999 _c21553
_d21553